export_success — 

(des) Movilización de la Sociedad Civil Chilena : Post-Trauma, Gobernabilidad y Neoliberalismo (1990-2010).

Bibliographic Details
Main Author: Jara Ibarra, Camila.
Format: eBook
Language:Spanish
Published: Santiago : Ariadna Ediciones, 2019.
Edition:1st ed.
Subjects:
Online Access:Click to View
LEADER 01444nam a22003373i 4500
001 EBC7174954
003 MiAaPQ
005 20240729202204.0
006 m o d |
007 cr cnu||||||||
008 240729s2019 xx o ||||0 spa d
020 |a 9789568416898  |q (electronic bk.) 
035 |a (MiAaPQ)EBC7174954 
035 |a (Au-PeEL)EBL7174954 
035 |a (OCoLC)1226244890 
040 |a MiAaPQ  |b eng  |e rda  |e pn  |c MiAaPQ  |d MiAaPQ 
100 1 |a Jara Ibarra, Camila. 
245 1 0 |a (des) Movilización de la Sociedad Civil Chilena :  |b Post-Trauma, Gobernabilidad y Neoliberalismo (1990-2010). 
250 |a 1st ed. 
264 1 |a Santiago :  |b Ariadna Ediciones,  |c 2019. 
264 4 |c {copy}2019. 
300 |a 1 online resource (304 pages) 
336 |a text  |b txt  |2 rdacontent 
337 |a computer  |b c  |2 rdamedia 
338 |a online resource  |b cr  |2 rdacarrier 
588 |a Description based on publisher supplied metadata and other sources. 
590 |a Electronic reproduction. Ann Arbor, Michigan : ProQuest Ebook Central, 2024. Available via World Wide Web. Access may be limited to ProQuest Ebook Central affiliated libraries.  
655 4 |a Electronic books. 
776 0 8 |i Print version:  |a Jara Ibarra, Camila  |t (des) Movilización de la Sociedad Civil Chilena  |d Santiago : Ariadna Ediciones,c2019 
797 2 |a ProQuest (Firm) 
856 4 0 |u https://ebookcentral.proquest.com/lib/matrademy/detail.action?docID=7174954  |z Click to View